| 000 | 00567nam a2200181 i 4500 | ||
|---|---|---|---|
| 001 | 91444 | ||
| 003 | ES-MaACL | ||
| 005 | 20230906180725.0 | ||
| 007 | t| | ||
| 008 | 050131s1966 sp ||||1| spa d | ||
| 100 | 1 |
_aLewandowski, Herbert. _972021 |
|
| 245 | 1 | 4 |
_aLas costumbres y el amor en la antigua Roma / _cHerbert Lewandowski ; [traducción de Ediciones Corona]. |
| 250 | _a[1ª ed.]. | ||
| 260 |
_aBarcelona : _bCorona, _c[1966] |
||
| 300 |
_a355 p., 17 lám. : _bil. ; _c24 cm. |
||
| 710 | 2 |
_aEdiciones Corona. _93423 |
|
| 852 |
_aES-MaACL _jC-29732 _bR.60232 |
||
| 999 |
_c91444 _d91444 |
||